Countries with Only One Border - Statistics

General Stats
  • This quiz has been taken 74 times
  • The average score is 15 of 18
Answer Stats
Answer % Correct
South Korea
95%
Vatican City
94%
Lesotho
92%
Canada
91%
Papua New Guinea
91%
Portugal
91%
Dominican Republic
89%
Haiti
89%
San Marino
89%
Ireland
88%
Monaco
85%
Denmark
83%
United Kingdom
80%
Gambia
79%
Qatar
77%
Timor Leste
74%
Brunei
71%
Singapore
56%
No matching quizzes found
Score Distribution
Percent of People with Each Score
Percentile by Number Answered
Your Score History
You have not taken this quiz